|
|
|
|
| LEADER |
00000nam a2200000 i 4500 |
| 001 |
IT\ICCU\RAV\2068194 |
| 003 |
ItRI |
| 005 |
20260115232147.0 |
| 008 |
171130s2017 it |||||| ||||| |||||c |
| 015 |
|
|
|2 IT
|a 2017-11560
|
| 020 |
|
|
|a 9788883537745
|
| 040 |
|
|
|b ita
|c importazione bologna sebina
|
| 041 |
|
7 |
|a ita
|2 ISO-639-2
|
| 082 |
|
|
|a 613.9071
|9 CONTROLLO DELLE NASCITE, TECNOLOGIA DELLA RIPRODUZIONE, IGIENE SESSUALE. Educazione
|2 23
|
| 100 |
1 |
|
|a Landi, Nicoletta,
|d (1983- )
|0 IT\ICCU\CFIV\338959
|
| 245 |
1 |
3 |
|a Il piacere non è nel programma di scienze! :
|b educare alla sessualità oggi, in Italia /
|c Nicoletta Landi.
|
| 260 |
|
|
|a Milano :
|b Meltemi,
|c 2017
|
| 300 |
|
|
|a 223 p. :
|b ill. ;
|c 21 cm
|
| 650 |
|
7 |
|a Adolescenti
|x Educazione sessuale
|x Italia
|x Confronto [con i] Paesi Bassi
|2 nsbncf
|
| 830 |
|
0 |
|a Linee ;
|v 15
|0 IT\ICCU\UBO\4236156
|
| 942 |
|
|
|2 ddc
|c BK
|n 0
|
| 952 |
|
|
|0 0
|1 0
|4 0
|6 DOC_613_907000000000000_LAN
|7 0
|9 21155
|a BO
|b BO
|d 2026-01-15
|i 20296
|l 0
|o DOC 613.907 LAN
|p BO20296
|r 2026-01-15 23:21:47
|w 2026-01-15
|x [Sebina 5] [1 v.]
|y BK
|z 1 v.
|
| 952 |
|
|
|0 0
|1 0
|4 0
|6 DOC_613_907000000000000_LAN
|7 0
|9 21156
|a BO
|b BO
|d 2026-01-15
|i 20860
|l 0
|o DOC 613.907 LAN
|p BO20860
|r 2026-01-15 23:21:47
|w 2026-01-15
|x [Sebina 5] [1 v.]
|y BK
|z 1 v.
|
| 999 |
|
|
|c 18077
|d 18077
|